000 00602nam a2200241Ia 4500
003 OSt
005 20230608092215.0
008 210423s2012 xx 000 0 und d
020 _a978-81-265-1524-0
040 _cAL
041 _aeng
082 _a001.4222 COCS
100 _aCOCHRAN (William G)
_9122058
245 _aSampling techniques: Ed 3
250 _a3
260 _aNew Delhi
_bJohn Wiley & Sons
_c2012
300 _axvi,428
_bHB
365 _b449
_cINR
650 _aGeneral
_9122059
650 _aResearch
_9122060
906 _a3 ; Ed ; Sampling ; techniques
942 _2ddc
_cBK
999 _c176292
_d176292